Stolice państw członkowskich LPA - nagła śmierć - Statystyki

Ogólne statystyki
  • Ten quiz został rozwiązany 85 razy
  • Średni wynik to 5 z 22
Answers on the Grid
Answers color-coded by a green-red scale on the quiz's grid according to % correct below.
Abu Zabi
Addis Abeba
Algier
Amman
Ankara
Bagdad
Baku
Bejrut
Chartum
Dakar
Damaszek
Doha
Dżibuti
Islamabad
Jerozolima
Kabul
Kair
Kuwejt
Male
Manama
Maskat
Mogadiszu
Moroni
Nawakszut
Niamey
Rabat
Ramallah
Rijad
Sana
Teheran
Trypolis
Tunis
 
Statystyki odpowiedzi
Odpowiedź % Poprawnych
Amman
85%
Abu Zabi
69%
Algier
62%
Bagdad
38%
Bejrut
38%
Damaszek
31%
Doha
31%
Kair
31%
Rijad
31%
Kuwejt
23%
Trypolis
23%
Dżibuti
8%
Manama
8%
Rabat
8%
Tunis
8%
Chartum
0%
Maskat
0%
Mogadiszu
0%
Moroni
0%
Nawakszut
0%
Ramallah
0%
Sana
0%
Nie znaleziono quizów pasujących do podanych kryteriów
Rozkład punktacji
Procent ludzi z każdym wynikiem
Percentyl według liczby udzielonych odpowiedzi
Twoja historia wyników
Nie rozwiązałeś tego quizu